[Event "EOBCC 2020"]
[Site "Online"]
[Date "2020.12.18"]
[Round "7.17"]
[White "Deac, Bogdan-Daniel"]
[Black "Rasulov, Vugar"]
[Result "1-0"]
[WhiteElo "2625"]
[BlackElo "2478"]
[Annotator "ChessBase"]
[PlyCount "135"]
[EventDate "2020.12.18"]
[EventType "tourn"]
[EventCountry "NET"]
[SourceTitle "playchess.com"]
[Source "ChessBase"]
[SourceQuality "1"]

1. Nf3 g6 2. d4 Bg7 3. e4 d6 4. c3 Nc6 5. Bc4 Nf6 6. Qe2 Bg4 7. Bb5 O-O 8. h3 Bd7 9. e5 Nd5 10. O-O dxe5 11. dxe5 Nxe5 12. Nxe5 Bxb5 13. Qxb5 Bxe5 14. Rd1 c6 15. Qxb7 Qb6 16. Qxb6 axb6 17. Nd2 Rfd8 18. Nf3 Bc7 19. Re1 c5 20. Bd2 b5 21. b3 c4 22. bxc4 bxc4 23. a4 Rdb8 24. Re4 Rb2 25. Rxc4 Bb6 26. Kf1 f6 27. Rc6 Ba5 28. c4 Nc3 29. Re6 Kf7 30. Re3 Nb1 31. Bxa5 Rxa5 32. Re2 Rb4 33. Rc2 Raxa4 34. Rxa4 Rxa4 35. c5 Na3 36. Ra2 Ra7 37. Nd4 Nb5 38. Rxa7 Nxa7 39. f4 e5 40. fxe5 fxe5 41. Nf3 Kf6 42. Ke2 Nc6 43. Ke3 h6 44. Ke4 Ke6 45. h4 Kf6 46. Kd5 Nb4+ 47. Kc4 Nc6 48. Kb5 Ne7 49. c6 e4 50. Ne1 Ke5 51. Nc2 Nxc6 52. Kxc6 Kf4 53. Kd5 e3 54. Ke6 e2 55. Kf6 g5 56. h5 g4 57. Kg6 Ke4 58. g3 Kd3 59. Ne1+ Ke3 60. Kxh6 Kf2 61. Nd3+ Kxg3 62. Kg5 Kf3 63. Kh4 g3 64. Kh3 Ke3 65. Ne1 Kf2 66. Ng2 e1=R 67. Nxe1 Kxe1 68. Kxg3 1-0

[Event "EOBCC 2020"]
[Site "Online"]
[Date "2020.12.18"]
[Round "7.18"]
[White "Ponkratov, Pavel"]
[Black "Pakleza, Zbigniew"]
[Result "1/2-1/2"]
[WhiteElo "2625"]
[BlackElo "2501"]
[Annotator "ChessBase"]
[PlyCount "156"]
[EventDate "2020.12.18"]
[EventType "tourn"]
[EventCountry "NET"]
[SourceTitle "playchess.com"]
[Source "ChessBase"]
[SourceQuality "1"]

1. d4 d6 2. c4 e5 3. Nf3 exd4 4. Nxd4 g6 5. h4 Nf6 6. Nc3 Bg7 7. e4 Nc6 8. Nxc6 bxc6 9. Be2 O-O 10. h5 Re8 11. hxg6 fxg6 12. Bg5 Be6 13. Qc2 Qe7 14. O-O-O Qf7 15. b3 a5 16. f4 a4 17. f5 Bd7 18. bxa4 Nxe4 19. Nxe4 Qxf5 20. Bd3 Rxe4 21. Be3 Rxe3 22. Bxf5 Bxf5 23. Qb3 Rxb3 24. axb3 Rb8 25. g4 Be4 26. Rh3 d5 27. Re1 g5 28. Kd2 Bd4 29. a5 Bc5 30. Ra1 Bb4+ 31. Ke3 Re8 32. Kf2 d4 33. a6 c5 34. a7 Ba8 35. Rh5 Re5 36. Rd1 Kg7 37. Rd3 h6 38. Rd1 Re6 39. Ra1 d3 40. Rh3 d2 41. Rd3 Rd6 42. Ke2 Rxd3 43. Kxd3 Kf6 44. Kc2 Ke7 45. Rf1 Bc6 46. Rf2 Be4+ 47. Kd1 Kd7 48. Rf8 Ke7 49. a8=Q Bxa8 50. Rxa8 Kf6 51. Rh8 Kg7 52. Re8 Kf6 53. Ke2 Kg6 54. Re6+ Kg7 55. Re7+ Kg6 56. Rxc7 Kf6 57. Rc6+ Ke5 58. Rxh6 Kf4 59. Rb6 Kxg4 60. Rf6 Kg3 61. Rf1 g4 62. Rg1+ Kf4 63. Rf1+ Ke4 64. Rf8 Kd4 65. Rf4+ Kc3 66. Kd1 Kxb3 67. Rxg4 Bc3 68. Re4 Bb4 69. Rg4 Kc3 70. Rf4 Kd3 71. Rg4 Bc3 72. Rh4 Bd4 73. Rh3+ Be3 74. Rh4 Bd4 75. Rh3+ Kxc4 76. Kxd2 Kd5 77. Rh5+ Ke4 78. Rxc5 Bxc5 1/2-1/2

[Event "EOBCC 2020"]
[Site "Online"]
[Date "2020.12.18"]
[Round "7.19"]
[White "Sadzikowski, Daniel"]
[Black "Martirosyan, Haik M."]
[Result "1/2-1/2"]
[WhiteElo "2528"]
[BlackElo "2622"]
[Annotator "ChessBase"]
[PlyCount "165"]
[EventDate "2020.12.18"]
[EventType "tourn"]
[EventCountry "NET"]
[SourceTitle "playchess.com"]
[Source "ChessBase"]
[SourceQuality "1"]

1. e4 e5 2. Nf3 Nc6 3. Bb5 Nf6 4. d3 Bc5 5. Bxc6 dxc6 6. Qe2 Nd7 7. Nbd2 O-O 8. Nc4 Re8 9. Bg5 Be7 10. Bd2 Bd6 11. a4 c5 12. Bg5 Be7 13. Bxe7 Qxe7 14. O-O b6 15. h3 Qf6 16. Qe3 Nf8 17. Qg5 Qxg5 18. Nxg5 f6 19. Nf3 Ne6 20. g3 Kf7 21. Kg2 g5 22. Ne3 h5 23. h4 g4 24. Nd2 Nd4 25. f3 gxf3+ 26. Nxf3 c6 27. Rf2 Nxf3 28. Rxf3 Rg8 29. Raf1 Rg6 30. Nf5 Be6 31. Nd6+ Ke7 32. Nf5+ Kf7 33. Nd6+ Ke7 34. Nf5+ Kd7 35. Ne3 Rag8 36. Kh2 Ke7 37. b3 Kd7 38. Ra1 a5 39. Raf1 b5 40. Ra1 Ra8 41. Nf5 Kc7 42. Ne3 Kd7 43. Nf5 Kc7 44. Ne3 Kb6 45. Nf5 Re8 46. Ne3 c4 47. dxc4 bxc4 48. Nxc4+ Bxc4 49. bxc4 Kc5 50. Raf1 Re6 51. Rb3 Rd6 52. Kg2 Rd4 53. Rbf3 Rxc4 54. Rxf6 Rg4 55. R1f2 Rxa4 56. R6f5 Raxe4 57. Rxh5 a4 58. Rh8 Rc4 59. Ra8 Rc3 60. Rf3 Rxc2+ 61. Kh3 Rb4 62. h5 e4 63. Rf5+ Kd4 64. h6 Rc1 65. Rh5 Rh1+ 66. Kg4 Rxh5 67. Kxh5 Rb1 68. h7 Rh1+ 69. Kg6 c5 70. Rxa4+ c4 71. Kg7 e3 72. h8=Q Rxh8 73. Kxh8 e2 74. Ra1 c3 75. g4 c2 76. g5 Kc3 77. g6 Kb2 78. Re1 c1=Q 79. Rxc1 Kxc1 80. g7 e1=Q 81. g8=Q Qe5+ 82. Qg7 Qxg7+ 83. Kxg7 1/2-1/2

[Event "EOBCC 2020"]
[Site "Online"]
[Date "2020.12.18"]
[Round "7.20"]
[White "Barp, Alberto"]
[Black "Tomczak, Jacek"]
[Result "1-0"]
[WhiteElo "2366"]
[BlackElo "2610"]
[Annotator "ChessBase"]
[PlyCount "103"]
[EventDate "2020.12.18"]
[EventType "tourn"]
[EventCountry "NET"]
[SourceTitle "playchess.com"]
[Source "ChessBase"]
[SourceQuality "1"]

1. d4 Nf6 2. c4 g6 3. g3 Bg7 4. Bg2 d5 5. cxd5 Nxd5 6. e4 Nb6 7. Ne2 Bg4 8. Nbc3 O-O 9. h3 Be6 10. d5 Bc8 11. O-O c6 12. Be3 cxd5 13. exd5 Nc4 14. Bd4 Nxb2 15. Qc2 Nc4 16. Bxg7 Kxg7 17. Nb5 a6 18. Qxc4 axb5 19. Qxb5 Qa5 20. Qb2+ Kg8 21. Nc3 Na6 22. d6 Qb4 23. Qxb4 Nxb4 24. dxe7 Re8 25. Rab1 Nxa2 26. Nd5 Be6 27. Nf6+ Kg7 28. Nxe8+ Rxe8 29. Rxb7 Kf6 30. g4 g5 31. f4 gxf4 32. Rxf4+ Ke5 33. Rf2 Kd6 34. Rd2+ Kc5 35. Rc7+ Kb6 36. Bc6 Rg8 37. e8=Q Rxe8 38. Bxe8 Kxc7 39. Rf2 Nb4 40. Bxf7 Bd7 41. Bc4 Kd6 42. Kg2 Nc6 43. Kg3 Ne5 44. Bb3 Ke7 45. Bc2 h6 46. Kf4 Kf6 47. Ke4+ Ke6 48. Bb3+ Kd6 49. Rf6+ Ke7 50. Kxe5 Bc8 51. Rf7+ Ke8 52. Kd6 1-0

[Event "EOBCC 2020"]
[Site "Online"]
[Date "2020.12.18"]
[Round "7.21"]
[White "Wagner, Dennis"]
[Black "Kacharava, Nikolozi"]
[Result "1-0"]
[WhiteElo "2581"]
[BlackElo "2443"]
[Annotator "ChessBase"]
[PlyCount "67"]
[EventDate "2020.12.18"]
[EventType "tourn"]
[EventCountry "NET"]
[SourceTitle "playchess.com"]
[Source "ChessBase"]
[SourceQuality "1"]

1. d4 d5 2. c4 dxc4 3. e4 e5 4. Nf3 exd4 5. Bxc4 Nc6 6. O-O Be6 7. Bxe6 fxe6 8. Qb3 Qd7 9. Qxb7 Rb8 10. Qa6 Nf6 11. Nbd2 Bd6 12. b3 O-O 13. Bb2 e5 14. Rac1 Nb4 15. Qc4+ Qf7 16. Qe2 Nxa2 17. Ra1 Nc3 18. Qd3 Nb5 19. Ra5 c6 20. Rc1 Bc7 21. Ra6 Nc3 22. Rxa7 Rfe8 23. Bxc3 dxc3 24. Qxc3 Rb6 25. Ng5 Qd7 26. Qc4+ Kf8 27. Ndf3 h6 28. Rxc7 Qxc7 29. Ne6+ Rxe6 30. Qxe6 Qe7 31. Qf5 Rb5 32. Rxc6 Qd7 33. Rxf6+ Ke7 34. Rf7+ 1-0

[Event "EOBCC 2020"]
[Site "Online"]
[Date "2020.12.18"]
[Round "7.22"]
[White "Mchedlishvili, Mikheil"]
[Black "Gabdrakhmanov, Azat"]
[Result "1-0"]
[WhiteElo "2570"]
[BlackElo "2319"]
[Annotator "ChessBase"]
[PlyCount "117"]
[EventDate "2020.12.18"]
[EventType "tourn"]
[EventCountry "NET"]
[SourceTitle "playchess.com"]
[Source "ChessBase"]
[SourceQuality "1"]

1. d4 Nf6 2. Bg5 Ne4 3. Bf4 c5 4. f3 Nf6 5. dxc5 Na6 6. e4 e6 7. Bxa6 Qa5+ 8. Nc3 bxa6 9. Bd6 Bxd6 10. Qxd6 Qb4 11. Nge2 Bb7 12. a3 Qa5 13. b4 Qd8 14. e5 Ng8 15. Rd1 Ne7 16. O-O Nf5 17. Qd2 O-O 18. Ng3 Nxg3 19. hxg3 Bc6 20. Rfe1 Rb8 21. Ne2 a5 22. Nd4 Bd5 23. Rb1 Qc7 24. c3 axb4 25. cxb4 a5 26. Qd3 f6 27. Nb5 Qd8 28. Nc3 Ba8 29. b5 Qc7 30. Qd6 Qd8 31. Na4 fxe5 32. Rxe5 Qf6 33. Nb6 Qg6 34. Rd1 Rxf3 35. Qxb8+ Rf8 36. Qd6 Qxg3 37. Re2 Qxa3 38. Nxd7 Rf7 39. Ne5 Rf8 40. Qd4 Qb3 41. Rde1 h6 42. Nd7 Rf7 43. c6 Qxb5 44. Ne5 Rf5 45. Rf2 Rg5 46. c7 Kh7 47. Qd3+ Qxd3 48. Nxd3 Bb7 49. Ne5 Rg3 50. Rb2 Ba6 51. Rb6 Rc3 52. Rxa6 Rxc7 53. Rxa5 h5 54. Nf3 Kh6 55. Rae5 g6 56. Rxe6 Rc4 57. Ne5 Re4 58. Rxg6+ Kh7 59. Rxe4 1-0

[Event "EOBCC 2020"]
[Site "Online"]
[Date "2020.12.18"]
[Round "7.23"]
[White "Sargissian, Gabriel"]
[Black "Livaic, Leon"]
[Result "0-1"]
[WhiteElo "2682"]
[BlackElo "2507"]
[Annotator "TA"]
[PlyCount "64"]
[EventDate "2020.12.18"]
[EventType "tourn"]
[EventCountry "NET"]
[SourceTitle "playchess.com"]
[Source "ChessBase"]
[SourceQuality "1"]

1. d4 Nf6 2. Nf3 d5 3. c4 e6 4. g3 Be7 5. Bg2 O-O 6. O-O c6 7. Nc3 b6 8. Qd3 a5 9. e4 Ba6 10. b3 Nbd7 11. e5 Ne8 12. Rd1 Nc7 13. Bf4 c5 14. Nb5 Bxb5 15. cxb5 a4 16. h4 h6 17. Nh2 axb3 18. axb3 Rxa1 19. Rxa1 cxd4 20. Qxd4 Nc5 21. Qd1 Nxb5 22. Ng4 h5 23. Nh6+ gxh6 24. Qxh5 Qe8 25. Qxh6 f6 26. Bh3 Nd4 27. Be3 fxe5 28. b4 Rf6 29. Qg5+ Rg6 30. Qh5 Rxg3+ 31. fxg3 Qxh5 32. bxc5 Bxc5 0-1

[Event "EOBCC 2020"]
[Site "Online"]
[Date "2020.12.18"]
[Round "7.24"]
[White "Krzyzanowski, Marcin"]
[Black "Najer, Evgeniy"]
[Result "1-0"]
[WhiteElo "2503"]
[BlackElo "2648"]
[Annotator "ChessBase"]
[PlyCount "99"]
[EventDate "2020.12.18"]
[EventType "tourn"]
[EventCountry "NET"]
[SourceTitle "playchess.com"]
[Source "ChessBase"]
[SourceQuality "1"]

1. c4 e5 2. g3 d6 3. Bg2 f5 4. Nc3 Be7 5. d4 Nf6 6. Bg5 c6 7. dxe5 dxe5 8. Qc2 Na6 9. Rd1 Qc7 10. Nf3 O-O 11. O-O Be6 12. b3 h6 13. Bc1 Nd7 14. Bh3 g5 15. g4 Nb4 16. Qb1 Nf6 17. gxf5 Bf7 18. Ne4 Rae8 19. Bb2 Nxe4 20. Qxe4 Bf6 21. a3 Na6 22. b4 Nb8 23. Bg2 Nd7 24. h4 g4 25. Qxg4+ Kh8 26. Ng5 Nb6 27. Ne6 Qe7 28. Nxf8 Rxf8 29. Kh1 Rg8 30. Qf3 Nxc4 31. Bc1 e4 32. Qxe4 Bd5 33. Rxd5 cxd5 34. Qxe7 Bxe7 35. Bxd5 Rg4 36. e4 b5 37. f3 Rxh4+ 38. Kg2 Bg5 39. f4 Be7 40. e5 Kg7 41. f6+ Bxf6 42. exf6+ Kxf6 43. Kg3 Rh5 44. Bxc4 bxc4 45. Bb2+ Ke6 46. Re1+ Kd7 47. Re5 Rh1 48. Rc5 Rb1 49. Be5 Rb2 50. Bxb2 1-0

[Event "EOBCC 2020"]
[Site "Online"]
[Date "2020.12.18"]
[Round "7.25"]
[White "Kourkoulos-Arditis, Stamatis"]
[Black "Movsesian, Sergei"]
[Result "0-1"]
[WhiteElo "2485"]
[BlackElo "2647"]
[Annotator "ChessBase"]
[PlyCount "124"]
[EventDate "2020.12.18"]
[EventType "tourn"]
[EventCountry "NET"]
[SourceTitle "playchess.com"]
[Source "ChessBase"]
[SourceQuality "1"]

1. d4 Nf6 2. c4 e6 3. Nf3 d5 4. g3 Bb4+ 5. Bd2 Be7 6. Bg2 O-O 7. O-O Nbd7 8. Qc2 c6 9. Rd1 b6 10. b3 Bb7 11. Nc3 Rc8 12. e4 h6 13. Bf4 Nh5 14. Be3 Nhf6 15. h3 Qc7 16. Bf4 Qd8 17. Ne5 Nh5 18. Be3 Nhf6 19. Qe2 Bb4 20. Rac1 Bxc3 21. Rxc3 Nxe4 22. Rcc1 Ndf6 23. c5 Qe7 24. b4 b5 25. a4 bxa4 26. b5 Nd7 27. Nxc6 Bxc6 28. bxc6 Rxc6 29. Bf4 f5 30. f3 Nef6 31. Qb5 Rfc8 32. Bd6 Qe8 33. Qxa4 Qg6 34. Re1 Rxd6 35. cxd6 Rxc1 36. Rxc1 Qxg3 37. Qa3 Nh5 38. Rc7 Nf4 39. Qb2 Nxh3+ 40. Kf1 Qh2 41. Rb7 Qg1+ 42. Ke2 Qxg2+ 43. Kd3 Qxf3+ 44. Kc2 Qe4+ 45. Kc1 Qf4+ 46. Kb1 Qxd6 47. Qb5 Nf6 48. Rxa7 Ng5 49. Qb7 Ne8 50. Qc8 Qf8 51. Qd7 Kh7 52. Rb7 Nf6 53. Qc7 Nge4 54. Kc2 Nh5 55. Rb8 Qa3 56. Qc8 Qa2+ 57. Kc1 Qa1+ 58. Kc2 Qxd4 59. Qg8+ Kg6 60. Qxe6+ Nhf6 61. Rb3 Qc4+ 62. Kb2 Qxb3+ 0-1

[Event "EOBCC 2020"]
[Site "Online"]
[Date "2020.12.18"]
[Round "7.26"]
[White "Costachi, Mihnea"]
[Black "Bartel, Mateusz"]
[Result "1-0"]
[WhiteElo "2471"]
[BlackElo "2638"]
[Annotator "ChessBase"]
[PlyCount "117"]
[EventDate "2020.12.18"]
[EventType "tourn"]
[EventCountry "NET"]
[SourceTitle "playchess.com"]
[Source "ChessBase"]
[SourceQuality "1"]

1. d4 Nf6 2. c4 e6 3. Nf3 Bb4+ 4. Bd2 a5 5. Nc3 d5 6. e3 O-O 7. Bd3 b6 8. cxd5 exd5 9. O-O Ba6 10. Bxa6 Nxa6 11. Rc1 Bxc3 12. Bxc3 Ne4 13. Nd2 Nd6 14. b3 Re8 15. Qf3 c6 16. Rfe1 Ne4 17. Nxe4 Rxe4 18. Bd2 Qd7 19. Qe2 Nc7 20. Qd3 Rae8 21. f3 R4e6 22. a4 Rg6 23. Kh1 Ne6 24. e4 dxe4 25. Rxe4 Rd8 26. Rce1 Qd5 27. Qc4 h5 28. Bc3 Qg5 29. Qf1 Qd5 30. Qc4 Rg5 31. h3 Rf5 32. Re5 Rxe5 33. Rxe5 Qxc4 34. bxc4 g6 35. c5 bxc5 36. dxc5 Ra8 37. g3 Kf8 38. f4 Nc7 39. f5 Nd5 40. Bd2 Rb8 41. fxg6 fxg6 42. Bxa5 Ra8 43. Bb6 Rxa4 44. Re6 Kf7 45. Rxc6 Ra3 46. Rd6 Ne3 47. c6 Nf5 48. Rd7+ Ke6 49. Rd8 Rc3 50. c7 Nd6 51. g4 hxg4 52. hxg4 Rc6 53. Ba5 Rc4 54. Kh2 g5 55. Kg3 Ne4+ 56. Kf3 Nd6 57. Ke3 Rc6 58. Kd3 Rc1 59. Rg8 1-0

[Event "EOBCC 2020"]
[Site "Online"]
[Date "2020.12.18"]
[Round "7.27"]
[White "Moranda, Wojciech"]
[Black "Hayrapetyan, Hovik"]
[Result "1-0"]
[WhiteElo "2618"]
[BlackElo "2488"]
[Annotator "ChessBase"]
[PlyCount "137"]
[EventDate "2020.12.18"]
[EventType "tourn"]
[EventCountry "NET"]
[SourceTitle "playchess.com"]
[Source "ChessBase"]
[SourceQuality "1"]

1. d4 Nf6 2. c4 e6 3. Nf3 d5 4. Nc3 Be7 5. Bf4 O-O 6. e3 c6 7. Qc2 Nbd7 8. Rd1 b6 9. Bd3 Bb7 10. O-O Rc8 11. e4 dxe4 12. Nxe4 Nxe4 13. Bxe4 Nf6 14. Bd3 Bd6 15. Bxd6 Qxd6 16. c5 Qf4 17. Rfe1 Rfd8 18. a3 Rd5 19. b4 Rcd8 20. Bc4 Rh5 21. Qb3 b5 22. Bf1 Nd5 23. g3 Qc7 24. Bg2 Ne7 25. Ne5 h6 26. f4 a6 27. Qf3 Rf5 28. Bh3 Rf6 29. Qe2 Nf5 30. Qe4 Rd5 31. Rd3 Qd8 32. Red1 h5 33. Bg2 Qc7 34. Qe2 Rd8 35. Qxh5 Rh6 36. Qf3 Ne7 37. Qf2 a5 38. Be4 axb4 39. axb4 Ra8 40. Qb2 Ra4 41. Ra1 Rxa1+ 42. Qxa1 f6 43. Ng4 Rh8 44. Ne3 Kf7 45. Ra3 Rd8 46. Ra7 Rd7 47. Bf3 Nc8 48. Ra3 Ne7 49. Rd3 g6 50. Qa2 Qd8 51. Qd2 Qa8 52. Bg4 Qa1+ 53. Kg2 Nf5 54. Nxf5 gxf5 55. Bf3 Ke7 56. h4 Kf7 57. h5 Ke7 58. h6 Qa8 59. Re3 Qg8 60. Qe2 Rd8 61. Ra3 Qf7 62. Ra7 Rd7 63. Qa2 Qh7 64. Qa5 Qxh6 65. Qb6 Bc8 66. Bxc6 Rxa7 67. Qxa7+ Kd8 68. Qb6+ Ke7 69. Qc7+ 1-0

[Event "EOBCC 2020"]
[Site "Online"]
[Date "2020.12.18"]
[Round "7.28"]
[White "Piorun, Kacper"]
[Black "Iskusnyh, Sergei"]
[Result "1-0"]
[WhiteElo "2615"]
[BlackElo "2473"]
[Annotator "ChessBase"]
[PlyCount "99"]
[EventDate "2020.12.18"]
[EventType "tourn"]
[EventCountry "NET"]
[SourceTitle "playchess.com"]
[Source "ChessBase"]
[SourceQuality "1"]

1. e4 e6 2. d4 d5 3. Nc3 Nf6 4. Bg5 dxe4 5. Nxe4 Nbd7 6. Bd3 h6 7. Be3 Nxe4 8. Bxe4 Nf6 9. Bd3 Nd5 10. Bd2 c5 11. Nf3 cxd4 12. Nxd4 Bc5 13. Nb3 Bb6 14. Qh5 O-O 15. g4 Qf6 16. O-O-O Nf4 17. Bxf4 Qxf4+ 18. Kb1 e5 19. Bf5 Bxf5 20. gxf5 Rad8 21. Rdg1 Kh8 22. Rg4 Qf3 23. Rf1 a5 24. Nc1 Rd4 25. h3 Rf4 26. Qh4 Rxf5 27. Qe7 Rg8 28. Nd3 f6 29. Rfg1 Rg5 30. Rxg5 hxg5 31. h4 g4 32. Qf7 g3 33. Rxg3 Qd1+ 34. Nc1 Bxf2 35. Rd3 Qg4 36. Rd2 Be3 37. Rg2 Qd1 38. a3 Qxc1+ 39. Ka2 Bh6 40. Qxb7 a4 41. Qb5 Qf4 42. c4 e4 43. Rc2 e3 44. c5 Qe4 45. Qe2 Qc6 46. Qc4 Rd8 47. Qb4 Qd5+ 48. Kb1 Qf5 49. c6 e2 50. Ka2 1-0

[Event "EOBCC 2020"]
[Site "Online"]
[Date "2020.12.18"]
[Round "7.29"]
[White "Belyakov, Bogdan"]
[Black "Smirin, Ilia"]
[Result "0-1"]
[WhiteElo "2450"]
[BlackElo "2614"]
[Annotator "ChessBase"]
[PlyCount "82"]
[EventDate "2020.12.18"]
[EventType "tourn"]
[EventCountry "NET"]
[SourceTitle "playchess.com"]
[Source "ChessBase"]
[SourceQuality "1"]

1. e4 c5 2. c3 g6 3. d4 cxd4 4. cxd4 d5 5. e5 Nc6 6. Nf3 Bg4 7. Bb5 Nh6 8. Bxc6+ bxc6 9. Nbd2 Bg7 10. O-O O-O 11. Nb3 f6 12. h3 Bxf3 13. Qxf3 fxe5 14. Qc3 exd4 15. Qxc6 Nf5 16. Bg5 h6 17. Bd2 Kh7 18. Rfe1 e5 19. Rac1 e4 20. Rc5 e3 21. fxe3 dxe3 22. Bxe3 Re8 23. Bf2 Rxe1+ 24. Bxe1 Qe7 25. Bf2 Rf8 26. Rxd5 Nh4 27. Rd7 Qg5 28. Bxh4 Qxh4 29. Qc7 Rg8 30. Nc5 Kh8 31. Re7 Qd4+ 32. Kh1 Qxb2 33. Ne4 Rf8 34. Kh2 Rf1 35. a4 h5 36. Ng5 Rf8 37. a5 Qf6 38. Ne4 Qd4 39. a6 h4 40. Kh1 Rf1+ 41. Kh2 Qg1# 0-1

[Event "EOBCC 2020"]
[Site "Online"]
[Date "2020.12.18"]
[Round "7.30"]
[White "Postny, Evgeny"]
[Black "Golubov, Saveliy"]
[Result "1/2-1/2"]
[WhiteElo "2605"]
[BlackElo "2470"]
[Annotator "ChessBase"]
[PlyCount "74"]
[EventDate "2020.12.18"]
[EventType "tourn"]
[EventCountry "NET"]
[SourceTitle "playchess.com"]
[Source "ChessBase"]
[SourceQuality "1"]

1. d4 g6 2. c4 Bg7 3. Nf3 d6 4. Nc3 Nf6 5. e4 O-O 6. Be2 e5 7. d5 a5 8. h3 Na6 9. Bg5 Nc5 10. Nd2 Bd7 11. b3 c6 12. a3 cxd5 13. cxd5 Rb8 14. a4 h6 15. Be3 Rc8 16. O-O Ne8 17. Bb5 Nxa4 18. bxa4 Rxc3 19. Qb1 f5 20. Qb2 Bxb5 21. axb5 Rc8 22. f3 Nf6 23. b6 fxe4 24. fxe4 Ra8 25. Rfc1 Rf7 26. Qb5 Nh5 27. Rxa5 Rxa5 28. Qxa5 Qh4 29. Qa8+ Kh7 30. Qe8 Rf6 31. Qd7 Ng3 32. Rc7 Ne2+ 33. Kh1 Qe1+ 34. Kh2 Qg3+ 35. Kh1 Qe1+ 36. Kh2 Qg3+ 37. Kh1 Qe1+ 1/2-1/2

[Event "EOBCC 2020"]
[Site "Online"]
[Date "2020.12.18"]
[Round "7.31"]
[White "Banikas, Hristos"]
[Black "Kuzmicz, Krystian"]
[Result "1/2-1/2"]
[WhiteElo "2602"]
[BlackElo "2469"]
[Annotator "TA"]
[PlyCount "135"]
[EventDate "2020.12.18"]
[EventType "tourn"]
[EventCountry "NET"]
[SourceTitle "playchess.com"]
[Source "ChessBase"]
[SourceQuality "1"]

1. d4 g6 2. e4 Bg7 3. c4 c6 4. Nc3 d5 5. cxd5 cxd5 6. exd5 Nf6 7. Bb5+ Nbd7 8. d6 O-O 9. dxe7 Qxe7+ 10. Nge2 a6 11. Bd3 b5 12. O-O Bb7 13. a3 Rfd8 14. Bg5 Qe6 15. d5 Qg4 16. Qc1 Ne5 17. Qe3 Nxd3 18. Bxf6 Bxf6 19. Qxd3 Rac8 20. Rad1 b4 21. axb4 Qxb4 22. Rd2 Bg7 23. Rfd1 Rd6 24. h3 Rcd8 25. Qf3 a5 26. Qe3 a4 27. Nd4 a3 28. bxa3 Qc4 29. Ndb5 R6d7 30. a4 h5 31. Qd3 Qc5 32. h4 Qb4 33. g3 Qg4 34. Kh2 Be5 35. Qe4 Qxe4 36. Nxe4 Rxd5 37. Rxd5 Rxd5 38. Rxd5 Bxd5 39. Nc5 Bc6 40. Kg1 Kf8 41. Nd3 Bb8 42. Nb4 Bd7 43. Nd5 Be6 44. Ndc7 Bd7 45. a5 Ke7 46. a6 Kd8 47. Nd6 Kxc7 48. Nxf7 Ba7 49. Ne5 Bf5 50. Kg2 Kb6 51. f3 Kxa6 52. g4 hxg4 53. fxg4 Be4+ 54. Kg3 Bb8 55. Kf4 Bd5 56. h5 g5+ 57. Kf5 Bb3 58. Nf3 Bc2+ 59. Kxg5 Kb6 60. Kf6 Kc5 61. g5 Bd1 62. h6 Bxf3 63. h7 Kd5 64. g6 Be5+ 65. Kf7 Bh5 66. Kg8 Bxg6 67. h8=Q Bxh8 68. Kxh8 1/2-1/2

[Event "EOBCC 2020"]
[Site "Online"]
[Date "2020.12.18"]
[Round "7.32"]
[White "Shevchenko, Kirill"]
[Black "Schitco, Ivan"]
[Result "1-0"]
[WhiteElo "2592"]
[BlackElo "2467"]
[Annotator "ChessBase"]
[PlyCount "51"]
[EventDate "2020.12.18"]
[EventType "tourn"]
[EventCountry "NET"]
[SourceTitle "playchess.com"]
[Source "ChessBase"]
[SourceQuality "1"]

1. e4 e5 2. Nf3 Nc6 3. Bb5 a6 4. Ba4 Nf6 5. Nc3 b5 6. Bb3 Be7 7. a4 Na5 8. axb5 Nxb3 9. cxb3 d6 10. d4 Nd7 11. O-O Bb7 12. bxa6 Bxa6 13. Re1 c6 14. Be3 O-O 15. Qc2 f6 16. b4 Kh8 17. d5 Bb7 18. dxc6 Bxc6 19. b5 Bb7 20. Qb3 f5 21. exf5 Rxf5 22. Nd5 Qg8 23. Rxa8 Bxa8 24. Qd3 e4 25. Qxe4 Bxd5 26. Qxf5 1-0

[Event "EOBCC 2020"]
[Site "Online"]
[Date "2020.12.18"]
[Round "7.33"]
[White "Arabidze, Meri"]
[Black "Kollars, Dmitrij"]
[Result "0-1"]
[WhiteElo "2437"]
[BlackElo "2598"]
[Annotator "ChessBase"]
[PlyCount "110"]
[EventDate "2020.12.18"]
[EventType "tourn"]
[EventCountry "NET"]
[SourceTitle "playchess.com"]
[Source "ChessBase"]
[SourceQuality "1"]

1. Nf3 Nf6 2. c4 e6 3. b3 d5 4. Bb2 b6 5. e3 Nbd7 6. cxd5 exd5 7. Be2 Bb7 8. O-O Bd6 9. Nd4 g6 10. f4 O-O 11. Nc3 Re8 12. Rc1 c5 13. Nf3 a6 14. Bd3 Bf8 15. Ne2 Ne4 16. Bb1 b5 17. Ng3 Rc8 18. Nxe4 dxe4 19. Ng5 Bg7 20. Bxg7 Kxg7 21. Qg4 h6 22. Nh3 Nf6 23. Qe2 Qd6 24. Nf2 Rcd8 25. Rfd1 Bd5 26. d3 exd3 27. Qxd3 Qe7 28. Qc3 c4 29. e4 Be6 30. bxc4 Bxc4 31. e5 Nd5 32. Qg3 Qa7 33. Kh1 Qe3 34. Ng4 Qxf4 35. Qh3 Be2 36. Nf6 Bxd1 37. Nxe8+ Rxe8 38. Rxd1 Rxe5 39. Qd3 Qe3 40. Qf1 Nc3 41. Rc1 Nxb1 42. Rxb1 Qe2 43. Qc1 Qxa2 44. Ra1 Qe6 45. h3 h5 46. Qc3 Kh7 47. Rc1 Re4 48. Rd1 b4 49. Qa1 b3 50. Qb2 a5 51. Ra1 Re1+ 52. Rxe1 Qxe1+ 53. Kh2 Qe6 54. Qa3 Qe5+ 55. Kh1 b2 0-1

[Event "EOBCC 2020"]
[Site "Online"]
[Date "2020.12.18"]
[Round "7.34"]
[White "Safarli, Eltaj"]
[Black "Fernandez, Daniel Howard"]
[Result "1-0"]
[WhiteElo "2598"]
[BlackElo "2466"]
[Annotator "ChessBase"]
[PlyCount "85"]
[EventDate "2020.12.18"]
[EventType "tourn"]
[EventCountry "NET"]
[SourceTitle "playchess.com"]
[Source "ChessBase"]
[SourceQuality "1"]

1. e4 c6 2. d4 d5 3. exd5 cxd5 4. c4 Nf6 5. Nc3 e6 6. Nf3 Be7 7. cxd5 Nxd5 8. Bd3 O-O 9. O-O Nc6 10. Re1 Bf6 11. Be4 Nxc3 12. bxc3 Bd7 13. Qd3 g6 14. Bh6 Bg7 15. Qe3 Rc8 16. h4 Na5 17. Bxg7 Kxg7 18. h5 Bc6 19. Qf4 Nc4 20. Ne5 Bxe4 21. Rxe4 Nd6 22. Re3 g5 23. h6+ Kh8 24. Qh2 Nf5 25. Rf3 f6 26. Ng4 Nh4 27. Rxf6 Rxf6 28. Qe5 Ng6 29. Qxf6+ Qxf6 30. Nxf6 Ne7 31. Re1 Ng8 32. Nxg8 Kxg8 33. Rxe6 Rxc3 34. Re7 b5 35. Rg7+ Kh8 36. Rxa7 Kg8 37. Rg7+ Kh8 38. Rb7 Kg8 39. Rxb5 g4 40. Rg5+ Kh8 41. Rf5 Kg8 42. Kh2 Ra3 43. d5 1-0

[Event "EOBCC 2020"]
[Site "Online"]
[Date "2020.12.18"]
[Round "7.35"]
[White "Gajewski, Grzegorz"]
[Black "Grinev, Valeriy"]
[Result "1/2-1/2"]
[WhiteElo "2596"]
[BlackElo "2441"]
[Annotator "ChessBase"]
[PlyCount "118"]
[EventDate "2020.12.18"]
[EventType "tourn"]
[EventCountry "NET"]
[SourceTitle "playchess.com"]
[Source "ChessBase"]
[SourceQuality "1"]

1. d4 d5 2. c4 e6 3. Nc3 Be7 4. Nf3 Nf6 5. Bf4 O-O 6. e3 Nbd7 7. Be2 dxc4 8. O-O a6 9. a4 c5 10. dxc5 Nxc5 11. Qxd8 Rxd8 12. Rfd1 Bd7 13. Ne5 Be8 14. Nxc4 Rxd1+ 15. Bxd1 Rd8 16. Bf3 b5 17. axb5 axb5 18. Na5 Nd3 19. Nb7 Rc8 20. Bd6 Kf8 21. Be2 Nxb2 22. Nxb5 Bxb5 23. Bxb5 Bxd6 24. Nxd6 Rd8 25. Nb7 Rd1+ 26. Rxd1 Nxd1 27. Bc6 Nc3 28. f3 Ke7 29. Kf2 h5 30. h4 Ncd5 31. e4 Nb6 32. e5 Nfd7 33. f4 g6 34. g3 Nb8 35. Bb5 Na8 36. Ke3 Nc7 37. Ba4 Nd5+ 38. Kd4 Na6 39. Nd6 Nac7 40. Bc6 Nb4 41. Be4 Ne8 42. Nc4 Nc7 43. Kc5 Ncd5 44. Nd6 Na6+ 45. Kd4 Nac7 46. Bc2 Ne8 47. Ne4 Nec7 48. Ba4 Ne8 49. Bc6 Ndc7 50. Kc5 Ng7 51. Kb6 Nce8 52. Kc5 Nf5 53. Bxe8 Kxe8 54. Nd6+ Nxd6 55. Kxd6 Kd8 56. Kc6 Kc8 57. Kd6 Kd8 58. Kc6 Kc8 59. Kd6 Kd8 1/2-1/2